[Event "Hannover-ch U14"]
[Site "Lehrte"]
[Date "2010.10.11"]
[Round "5"]
[White "Manusina, Nicole"]
[Black "Weissbrot, Eduard"]
[Result "1-0"]
[WhiteElo "1649"]
[BlackElo "1197"]
[PlyCount "101"]
[EventDate "2010.10.09"]
[EventType "swiss"]
[EventRounds "7"]
[EventCountry "GER"]
[SourceTitle "EXT 2021"]
[Source "ChessBase"]
[SourceDate "2020.10.23"]
[SourceVersion "1"]
[SourceVersionDate "2020.10.23"]
[SourceQuality "1"]

1. d4 d5 2. c4 e6 3. Nc3 Nf6 4. cxd5 exd5 5. Bg5 Be7 6. e3 Be6 7. Bd3 h6 8. Bh4 Nc6 9. a3 a5 10. Nge2 Ng4 11. Bg3 Bh4 12. Nf4 0-0 13. Nxe6 fxe6 14. Qxg4 Bxg3 15. hxg3 Qf6 16. 0-0 Rad8 17. Qg6 Qxg6 18. Bxg6 e5 19. dxe5 Nxe5 20. Bc2 c5 21. Rad1 d4 22. exd4 cxd4 23. Bb3+ Kh8 24. Nd5 a4 25. Ba2 d3 26. f4 Nd7 27. Rxd3 Nc5 28. Rdd1 Ne4 29. Ne7 Kh7 30. Bb1 g5 31. Bxe4+ Kg7 32. Rxd8 Rxd8 33. f5 Kf6 34. Nd5+ Ke5 35. Nc3 Rd7 36. f6 Rf7 37. Bxb7 h5 38. Nxa4 h4 39. gxh4 gxh4 40. Nc5 Kd6 41. Ne4+ Ke5 42. Ng5 Rf8 43. f7 h3 44. g3 h2+ 45. Kh1 Kd6 46. Nh7 Ke7 47. Nxf8 Kd6 48. Ng6 Kd7 49. f8Q Kc7 50. Qc8+ Kd6 51. Rd1# 1-0

[Event "Hannover-ch U14"]
[Site "Lehrte"]
[Date "2010.10.10"]
[Round "3"]
[White "Neumair, Dorian"]
[Black "Weissbrot, Eduard"]
[Result "1/2-1/2"]
[WhiteElo "1284"]
[BlackElo "1197"]
[PlyCount "99"]
[EventDate "2010.10.09"]
[EventType "swiss"]
[EventRounds "7"]
[EventCountry "GER"]
[SourceTitle "EXT 2021"]
[Source "ChessBase"]
[SourceDate "2020.10.23"]
[SourceVersion "1"]
[SourceVersionDate "2020.10.23"]
[SourceQuality "1"]

1. e4 e5 2. Nf3 Nc6 3. Bc4 Bc5 4. Nc3 Nf6 5. 0-0 d6 6. h3 Be6 7. Bb3 Qd7 8. d3 h6 9. Bxe6 Qxe6 10. Be3 Bxe3 11. fxe3 0-0 12. Qe2 Ne7 13. Rad1 d5 14. exd5 Nexd5 15. Nxd5 Qxd5 16. d4 e4 17. Ne5 c5 18. c4 Qe6 19. Qf3 Rad8 20. Qf4 cxd4 21. exd4 Rfe8 22. b3 Re7 23. Ng4 Nxg4 24. Qxg4 Qxg4 25. hxg4 Red7 26. d5 Re7 27. Rfe1 g6 28. Rf1 e3 29. Rde1 Re4 30. g3 Rde8 31. Rf4 R4e5 32. Kg2 Kg7 33. Kf3 e2 34. Rd4 Kf8 35. Rd2 f5 36. Rdxe2 fxg4+ 37. Kf2 R5e7 38. d6 Rxe2+ 39. Rxe2 Rxe2+ 40. Kxe2 g5 41. c5 h5 42. Ke3 Kf7 43. b4 Ke6 44. Ke4 h4 45. gxh4 gxh4 46. Kf4 h3 47. Kg3 Kd7 48. b5 Ke6 49. a4 Kd7 50. a5 1/2-1/2

[Event "Hannover-ch U12"]
[Site "Lehrte"]
[Date "2008.10.13"]
[Round "5"]
[White "Weissbrot, Eduard"]
[Black "Bay, Muammer"]
[Result "1-0"]
[WhiteElo "1043"]
[BlackElo "879"]
[PlyCount "59"]
[EventDate "2008.10.11"]
[EventType "swiss"]
[EventRounds "7"]
[EventCountry "GER"]
[SourceTitle "EXT 2021"]
[Source "ChessBase"]
[SourceDate "2020.10.23"]
[SourceVersion "1"]
[SourceVersionDate "2020.10.23"]
[SourceQuality "1"]

1. e4 e5 2. Nf3 d6 3. Nc3 Nf6 4. d3 Nc6 5. Bg5 Be7 6. Be2 h6 7. Bh4 0-0 8. 0-0 Bg4 9. Nd5 Be6 10. Nxf6+ Bxf6 11. Bxf6 Qxf6 12. h3 Qg6 13. h4 Bh3 14. g3 Bxf1 15. Kxf1 Nd4 16. Nxd4 exd4 17. Bh5 Qe6 18. c3 Qh3+ 19. Kg1 Qe6 20. cxd4 f5 21. d5 Qe5 22. Rc1 Qxb2 23. Rxc7 fxe4 24. f3 e3 25. Qe1 Qe5 26. Bg4 h5 27. Be6+ Kh7 28. f4 Qd4 29. Qe2 Qb6 30. Qxh5# 1-0

[Event "Hannover-ch U12"]
[Site "Lehrte"]
[Date "2008.10.11"]
[Round "1"]
[White "Weissbrot, Eduard"]
[Black "Beyer, Maximilian"]
[Result "1-0"]
[WhiteElo "1043"]
[BlackElo "780"]
[PlyCount "101"]
[EventDate "2008.10.11"]
[EventType "swiss"]
[EventRounds "7"]
[EventCountry "GER"]
[SourceTitle "EXT 2021"]
[Source "ChessBase"]
[SourceDate "2020.10.23"]
[SourceVersion "1"]
[SourceVersionDate "2020.10.23"]
[SourceQuality "1"]

1. e4 e5 2. Nf3 Nc6 3. Bb5 Nf6 4. d3 Bc5 5. Nc3 0-0 6. 0-0 d6 7. Bg5 a6 8. Bc4 b5 9. Bb3 Nd4 10. Nxd4 exd4 11. Nd5 Be6 12. Nxf6+ gxf6 13. Bxe6 fxe6 14. Bh6 Rf7 15. Qg4+ Kh8 16. Qxe6 Qg8 17. Bf4 Qg6 18. e5 Rg8 19. g3 dxe5 20. Bxe5 Be7 21. Bf4 Rc8 22. Qxc8+ Bf8 23. Qe8 Qg8 24. Qe4 c5 25. Qf5 c4 26. Rfe1 cxd3 27. cxd3 b4 28. Re8 Qg7 29. Qh5 a5 30. Bh6 Qg8 31. Qxf7 Qxf7 32. Rxf8+ Qg8 33. Rxg8+ Kxg8 34. Re1 a4 35. b3 axb3 36. axb3 Kf7 37. Kg2 Kg6 38. Bf4 h6 39. g4 f5 40. gxf5+ Kxf5 41. Kg3 h5 42. Re5+ Kg6 43. Kh4 Kf6 44. Kxh5 Kf7 45. Kg5 Kg7 46. Re7+ Kf8 47. Kf6 Kg8 48. Rf7 Kh8 49. Kg6 Kg8 50. Rf5 Kh8 51. Rf8# 1-0

[Event "Niedersachsen-chT U12"]
[Site "Verden an der Aller"]
[Date "2008.05.01"]
[Round "5.2"]
[White "Duchow, Julien"]
[Black "Weissbrot, Eduard"]
[Result "1/2-1/2"]
[WhiteElo "1217"]
[BlackElo "937"]
[PlyCount "108"]
[EventDate "2008.05.01"]
[EventType "team-tourn"]
[EventRounds "7"]
[EventCountry "GER"]
[SourceTitle "EXT 2009"]
[Source "ChessBase"]
[SourceDate "2008.11.26"]
[SourceVersion "1"]
[SourceVersionDate "2008.11.26"]
[SourceQuality "1"]

1. e4 e5 2. Nf3 Nc6 3. Bb5 a6 4. Ba4 Nf6 5. 0-0 Bc5 6. c3 Nxe4 7. d4 exd4 8. Re1 d5 9. Nxd4 Bxd4 10. cxd4 0-0 11. Nc3 Nxc3 12. bxc3 b5 13. Bc2 Re8 14. Be3 Qh4 15. Qd3 Qe4 16. Qxe4 dxe4 17. Bf4 Bf5 18. Bxc7 Rac8 19. Bb6 h6 20. f3 Rb8 21. Bc5 Bg6 22. Bxe4 Bxe4 23. Rxe4 Rxe4 24. fxe4 Re8 25. e5 f6 26. exf6 gxf6 27. Kf2 a5 28. d5 Re5 29. Rd1 b4 30. cxb4 axb4 31. Kf3 Kf7 32. g4 f5 33. gxf5 Rxf5+ 34. Ke4 Re5+ 35. Kf4 Kf6 36. Bd4 Nxd4 37. Rxd4 h5 38. h4 Rf5+ 39. Ke4 Re5+ 40. Kf3 Ke7 41. Re4 Kd6 42. Rxb4 Rxd5 43. a4 Kc6 44. Rb5 Rxb5 45. axb5+ Kxb5 46. Kf4 Kc6 47. Kg5 Kd6 48. Kxh5 Ke7 49. Kg6 Kf8 50. Kh7 Kf7 51. h5 Kf6 52. h6 Kf7 53. Kh8 Kg6 54. h7 Kf7 1/2-1/2